000 00974nas a2200325 4500
001 BR0502761
003 BR-BrBNA
005 20231205105431.0
007 ta
008 230509b bl.|||p| |||| 00| 00por d
040 _aBR-BrBNA
_bpor
_cBiblioteca Nacional de Agricultura
041 _a(Pt)
072 _aF30; H20
100 1 _aAraújo, J.S. de P.
100 1 _aGonçalves, K. da S.
100 1 _aOliveira, B.C. de
100 1 _aRibeiro, R. de L.D.
245 1 _aEfeito do acibenzolar-S-methyl sobre murcha-bacteriana do tomateiro
650 _aTOMATE
650 _aLYCOPERSICUM ESCULENTUM
650 _aMURCHA BACTERIANA
650 _aCONTROLE QUÍMICO
650 _aBACTÉRIA
650 _aPATOGENICIDADE
650 _aVARIAÇÃO GENÉTICA
650 _aRIO DE JANEIRO
773 0 _tHorticultura Brasileira (Brazil)
_xISSN 0102-0536
_g(Jan-Mar 2005), v. 23(1) p. 5-8
_wBR0502761
909 _a202311
_bLúcia
_c55
_dLúcia Elande
942 _2AGRIS
_n0
_cANA
999 _c182951
_d182951